<?xml version="1.0" encoding="UTF-8"?>
<record
    xmlns:xsi="http://www.w3.org/2001/XMLSchema-instance"
    xsi:schemaLocation="http://www.loc.gov/MARC21/slim http://www.loc.gov/standards/marcxml/schema/MARC21slim.xsd"
    xmlns="http://www.loc.gov/MARC21/slim">

  <leader>01752nam a22001577a 4500</leader>
  <datafield tag="999" ind1=" " ind2=" ">
    <subfield code="c">525737</subfield>
    <subfield code="d">525737</subfield>
  </datafield>
  <controlfield tag="008">240408b           ||||| |||| 00| 0 eng d</controlfield>
  <datafield tag="100" ind1=" " ind2=" ">
    <subfield code="a">Katheria, Vikas  </subfield>
    <subfield code="9">51606</subfield>
  </datafield>
  <datafield tag="245" ind1=" " ind2=" ">
    <subfield code="a">Scientific criminal investigations: structured formulation of hypothesis and testing in police investigations </subfield>
  </datafield>
  <datafield tag="260" ind1=" " ind2=" ">
    <subfield code="a">The Indian Police Journal  </subfield>
  </datafield>
  <datafield tag="300" ind1=" " ind2=" ">
    <subfield code="a">69(3), Jul-Sep, 2022: p.131-146  </subfield>
  </datafield>
  <datafield tag="520" ind1=" " ind2=" ">
    <subfield code="a">Scientific criminal investigation (SCI) is an emerging field requiring criminal investigators to employ scientific tools and techniques to solve crimes. It is significantly different from forensic science where lifting processing and vacating evidence are the main objectives, SCI is instated from the time of registration of the FIR and goes or till the conclusion of the trial several factors have contributed to these scientific orientation of criminal investigations. &#x2013; Reproduced 



Scientific criminal investigation (SCI) is an emerging field requiring criminal investigators to employ scientific tools and techniques to solve crimes. It is significantly different from forensic science where lifting processing and vacating evidence are the main objectives, SCI is instated from the time of registration of the FIR and goes or till the conclusion of the trial several factors have contributed to these scientific orientation of criminal investigations. &#x2013; Reproduced </subfield>
  </datafield>
  <datafield tag="650" ind1=" " ind2=" ">
    <subfield code="a">Scientific criminal investigation, Emerging field, Criminal investigators, Scientific tools, Techniques, Solve crimes, Forensic science, Lifting evidence, Processing evidence, Vacating evidence, Registration of FIR, Trial, Scientific orientation, Criminal investigations.</subfield>
    <subfield code="9">51607</subfield>
  </datafield>
  <datafield tag="773" ind1=" " ind2=" ">
    <subfield code="a">The Indian Police Journal  </subfield>
  </datafield>
  <datafield tag="906" ind1=" " ind2=" ">
    <subfield code="a">CRIMES</subfield>
  </datafield>
  <datafield tag="942" ind1=" " ind2=" ">
    <subfield code="c">AR</subfield>
  </datafield>
  <datafield tag="952" ind1=" " ind2=" ">
    <subfield code="0">0</subfield>
    <subfield code="1">0</subfield>
    <subfield code="2">ddc</subfield>
    <subfield code="4">0</subfield>
    <subfield code="7">0</subfield>
    <subfield code="9">400793</subfield>
    <subfield code="a">IIPA</subfield>
    <subfield code="b">IIPA</subfield>
    <subfield code="d">2024-04-08</subfield>
    <subfield code="h">69(3), Jul-Sep, 2022: p.131-146  </subfield>
    <subfield code="p">AR131526</subfield>
    <subfield code="r">2024-04-08</subfield>
    <subfield code="y">AR</subfield>
  </datafield>
</record>
